000
00285nam a22001337a 4500
008
170307b xxu||||| |||| 00| 0 eng d
020
_a
9780683015638
041
_a
eng
080
_2
3RD
_a
611
100
_a
6
101
_a
SHM
245
_a
GROSS ANATOMY
_c
CHUNG, K.W
942
_2
udc
_c
BK
999
_c
7001
_d
7001